MARC details
| 000 -LEADER |
| campo de control de longitud fija |
02287apm a2200517 4500 |
| 003 - IDENTIFICADOR DE NÚMERO DE CONTROL |
| campo de control |
BJBSDDR |
| 005 - FECHA Y HORA DE LA ÚLTIMA TRANSACCIÓN |
| campo de control |
20230411090124.0 |
| 007 - CAMPO FIJO DE DESCRIPCIÓN FÍSICA--INFORMACIÓN GENERAL |
| campo de control de longitud fija |
ta |
| 008 - DATOS DE LONGITUD FIJA--INFORMACIÓN GENERAL |
| campo de control de longitud fija |
190627s2003 vau||||| |||| 00| 0 eng d |
| 020 ## - NÚMERO INTERNACIONAL ESTÁNDAR DEL LIBRO |
| Número Internacional Estándar del Libro |
9781565856943 (pbk.) |
| 020 ## - NÚMERO INTERNACIONAL ESTÁNDAR DEL LIBRO |
| Número Internacional Estándar del Libro |
1598036945 (pbk.) |
| 020 ## - NÚMERO INTERNACIONAL ESTÁNDAR DEL LIBRO |
| Número Internacional Estándar del Libro |
9781565856639 (videodiscs) |
| 020 ## - NÚMERO INTERNACIONAL ESTÁNDAR DEL LIBRO |
| Número Internacional Estándar del Libro |
1565856635 (videodiscs) |
| 020 ## - NÚMERO INTERNACIONAL ESTÁNDAR DEL LIBRO |
| Número Internacional Estándar del Libro |
9791565856638 |
| 020 ## - NÚMERO INTERNACIONAL ESTÁNDAR DEL LIBRO |
| Número Internacional Estándar del Libro |
149069000X |
| 020 ## - NÚMERO INTERNACIONAL ESTÁNDAR DEL LIBRO |
| Número Internacional Estándar del Libro |
9781490690001 |
| 020 ## - NÚMERO INTERNACIONAL ESTÁNDAR DEL LIBRO |
| Número Internacional Estándar del Libro |
9789791565851 |
| 020 ## - NÚMERO INTERNACIONAL ESTÁNDAR DEL LIBRO |
| Número Internacional Estándar del Libro |
9791565856 |
| 040 ## - FUENTE DE CATALOGACIÓN |
| Lengua de catalogación |
spa |
| Centro/agencia transcriptor |
BJBSDDR |
| 041 ## - CÓDIGO DE IDIOMA |
| Código de lengua del texto/banda sonora o título independiente |
eng |
| 050 ## - SIGNATURA TOPOGRÁFICA DE LA BIBLIOTECA DEL CONGRESO |
| Número de clasificación |
LB 14.6 |
| Número de ítem |
T994m 2003 |
| 082 ## - NÚMERO DE LA CLASIFICACIÓN DECIMAL DEWEY |
| Número de clasificación |
370 |
| 100 1# - ENTRADA PRINCIPAL--NOMBRE DE PERSONA |
| Nombre de persona |
Tyson, Neil deGrasse, |
| Fechas asociadas al nombre |
1958- |
| 130 ## - ENTRADA PRINCIPAL--TÍTULO UNIFORME |
| Título uniforme |
The Great Courses |
| 245 14 - MENCIÓN DEL TÍTULO |
| Título |
My favorite universe / |
| Mención de responsabilidad, etc. |
Neil deGrasse Tyson |
| 260 ## - PUBLICACIÓN, DISTRIBUCIÓN, ETC. |
| Lugar de publicación, distribución, etc. |
Chantilly, Virginia : |
| Nombre del editor, distribuidor, etc. |
The Teaching Company, |
| Fecha de publicación, distribución, etc. |
2003. |
| 300 ## - DESCRIPCIÓN FÍSICA |
| Extensión |
iv, 224 pages ; |
| -- |
2 videodiscs (approximately 360 min.) : |
| Otras características físicas |
sound, color ; |
| Dimensiones |
4 3/4 in. + |
| Material acompañante/anejo |
1 course guidebook (ii, 94 pages ; 19 cm). |
| 440 ## - MENCIÓN DE SERIE/PUNTO DE ACCESO ADICIONAL--TÍTULO |
| Título |
The Great Courses |
| Nombre de parte o sección de la obra |
Science & mathematics. |
| 490 ## - MENCIÓN DE SERIE |
| Mención de serie |
The Great courses |
| 500 ## - NOTA GENERAL |
| Nota general |
Course no. 158. |
| 500 ## - NOTA GENERAL |
| Nota general |
"Part 1 of 1."<br/>Cover title |
| 500 ## - NOTA GENERAL |
| Nota general |
"Science & mathematics"--Container |
| 505 ## - NOTA DE CONTENIDO CON FORMATO |
| Nota de contenido con formato |
lecture 1. On being round --<br/>lecture 2. On being rarefied --<br/>lecture 3. On being dense --<br/>lecture 4. Death by black hole --<br/>lecture 5. Ends of the world --<br/>lecture 6. Coming attractions --<br/>lecture 7. Onward to the edge --<br/>lecture 8. In defense of the big bang --<br/>lecture 9. The greatest story ever told --<br/>lecture 10. Forged in the stars --<br/>lecture 11. The search for planets --<br/>lecture 12. The search for life in the universe |
| 520 ## - RESUMEN, ETC. |
| Sumario, etc. |
Clear introductions to essential principles of physics support these lectures, including density, quantum theory, gravity, and the General Theory of Relativity. Also includes forays into disciplines such as chemistry and biology as needed to explain events in astronomy. |
| 530 ## - NOTA DISPONIBLE DE FORMULARIO FÍSICO ADICIONAL |
| Nota de formato físico adicional disponible |
12 lecturas / 30 minutos por lectura. |
| 650 #0 - PUNTO DE ACCESO ADICIONAL DE MATERIA--TÉRMINO DE MATERIA |
| 9 (RLIN) |
6087 |
| Término de materia o nombre geográfico como elemento de entrada |
Education. |
| 650 #0 - PUNTO DE ACCESO ADICIONAL DE MATERIA--TÉRMINO DE MATERIA |
| 9 (RLIN) |
6088 |
| Término de materia o nombre geográfico como elemento de entrada |
Teaching. |
| 650 #4 - PUNTO DE ACCESO ADICIONAL DE MATERIA--TÉRMINO DE MATERIA |
| 9 (RLIN) |
1877 |
| Término de materia o nombre geográfico como elemento de entrada |
Educación |
| 650 #4 - PUNTO DE ACCESO ADICIONAL DE MATERIA--TÉRMINO DE MATERIA |
| 9 (RLIN) |
6089 |
| Término de materia o nombre geográfico como elemento de entrada |
Enseñanza |
| 650 #4 - PUNTO DE ACCESO ADICIONAL DE MATERIA--TÉRMINO DE MATERIA |
| 9 (RLIN) |
6124 |
| Término de materia o nombre geográfico como elemento de entrada |
Astrofísica |
| 650 #0 - PUNTO DE ACCESO ADICIONAL DE MATERIA--TÉRMINO DE MATERIA |
| Término de materia o nombre geográfico como elemento de entrada |
Cosmología |
| 9 (RLIN) |
6117 |
| 710 2# - ENTRADA AGREGADA--NOMBRE DE ENTIDAD CORPORATIVA |
| 9 (RLIN) |
6101 |
| Nombre de entidad corporativa o nombre de jurisdicción como elemento de entrada |
Teaching Company |
| 730 #2 - ASIENTO SECUNDARIO--TITULO UNIFORME |
| Título uniforme |
The Great Courses |
| 9 (RLIN) |
6091 |
| 830 ## - PUNTO DE ACCESO ADICIONAL DE SERIE-TÍTULO UNIFORME |
| Título uniforme |
The Great Courses |
| 9 (RLIN) |
6091 |
| 942 ## - ELEMENTOS DE ENTRADA SECUNDARIOS (KOHA) |
| Fuente del sistema de clasificación o colocación |
Clasificación de Library of Congress |
| Tipo de ítem Koha |
Libro |